000 00926nas a2200337 4500
001 BR0204962
003 BR-BrBNA
005 20231205103259.0
007 ta
008 230509b bl.|||p| |||| 00| 00por d
040 _aBR-BrBNA
_bpor
_cBiblioteca Nacional de Agricultura
041 _a(Pt)
072 _aQ04
100 1 _aRizzon, L.A.
100 1 _aMiele, A.
245 1 _aAvaliação da cv. Cabernet sauvignon para elaboração de vinho tinto
650 _aUVA
650 _aVINHO
650 _aAROMA
650 _aACIDEZ
650 _aCOR
650 _aAÇÚCARES
650 _aMOSTO
650 _aCACHO
650 _aCARACTERÍSTICAS AGRONÔMICAS
650 _aENOLOGIA
650 _aRIO GRANDE DO SUL
773 0 _tCiência e Tecnologia de Alimentos (Brazil)
_xISSN 0101-2061
_g(May-Aug 2002), v. 22(2) p. 192-198
_wBR0204962
909 _a202311
_bLúcia
_c55
_dLúcia Elande
942 _2AGRIS
_n0
_cANA
999 _c172042
_d172042